000 00627nam a2200205Ii 4500
003 JO-AjNU
008 230606s9999||||xx |||||||||||||| ||und||
020 _a0-521-23152-3/0-521-26349-2
040 _aJO-AjNU
_beng
_erda
_cJO-AjNU
041 _aeng
050 1 4 _aPE1128.O37 2003
100 3 _aO'Connor,J.D تأليف,
_eauthor
_91567
245 0 0 _aBetter English Pronunciation
264 3 1 _aNew York:Cambridge University Press,2003
300 _a150p
336 _atext
_btxt
_2rdacontent
337 _aunmediated
_bn
_2rdamedia
338 _avolume
_bnc
_2rdacarrier
650 4 _aBetter English Pronunciation -English
_91568
999 _aE823
_c823
_d823